<?xml version="1.0" encoding="UTF-8"?>
<record
    xmlns:xsi="http://www.w3.org/2001/XMLSchema-instance"
    xsi:schemaLocation="http://www.loc.gov/MARC21/slim http://www.loc.gov/standards/marcxml/schema/MARC21slim.xsd"
    xmlns="http://www.loc.gov/MARC21/slim">

  <leader>03278nam a2200325 a 4500</leader>
  <controlfield tag="001">000020108</controlfield>
  <controlfield tag="003">DO-SdBNP</controlfield>
  <controlfield tag="005">20171009121825.0</controlfield>
  <controlfield tag="007">000020108</controlfield>
  <controlfield tag="008">100721s1964    dr            000 0 spa d</controlfield>
  <datafield tag="040" ind1=" " ind2=" ">
    <subfield code="a">BPMSU</subfield>
    <subfield code="b">spa</subfield>
    <subfield code="c">BPMSU</subfield>
  </datafield>
  <datafield tag="082" ind1="0" ind2="4">
    <subfield code="a">923.27293</subfield>
    <subfield code="b">M524h</subfield>
  </datafield>
  <datafield tag="245" ind1="0" ind2="0">
    <subfield code="a">Homenaje a Mella </subfield>
  </datafield>
  <datafield tag="260" ind1="0" ind2=" ">
    <subfield code="a">Santo Domingo :</subfield>
    <subfield code="b">Editora del Caribe,</subfield>
    <subfield code="c">1964.</subfield>
  </datafield>
  <datafield tag="300" ind1=" " ind2=" ">
    <subfield code="a">302 p. ;</subfield>
    <subfield code="c">24 cm.</subfield>
  </datafield>
  <datafield tag="490" ind1="1" ind2=" ">
    <subfield code="a">Academia Dominicana de la Historia</subfield>
    <subfield code="v">18</subfield>
  </datafield>
  <datafield tag="500" ind1=" " ind2=" ">
    <subfield code="a">Incluye &#xED;ndice de personas, lugares y materias</subfield>
  </datafield>
  <datafield tag="500" ind1=" " ind2=" ">
    <subfield code="a">Incluye &#xED;ndice de personas, lugares y materias</subfield>
  </datafield>
  <datafield tag="500" ind1=" " ind2=" ">
    <subfield code="a">A la cabeza del t&#xED;tulo : Centenario de la muerte de Mella, 1864-1964</subfield>
  </datafield>
  <datafield tag="504" ind1=" " ind2=" ">
    <subfield code="a">Incluye referencias bibliogr&#xE1;ficas y notas al pie de las p&#xE1;ginas</subfield>
  </datafield>
  <datafield tag="505" ind1="1" ind2=" ">
    <subfield code="a"> 	Elogios de Mella. Mat&#xED;as Ram&#xF3;n Mella ; El disparo de Mella ; Mella y Santana / M. de J. Galv&#xE1;n ; Duarte y Mella / Emiliano Tejera ; El general Ram&#xF3;n Mella ; De la tradici&#xF3;n / C.N. Penson ; Coincidencias / Jos&#xE9; G. Garc&#xED;a ; Ram&#xF3;n Mella / E.M. de Hostos ; 27 de Febrero / Carlos Morales Languasco ; En honra de Mella ; Exhumaci&#xF3;n de los restos de Mella ; Apoteosis del general Ram&#xF3;n Mella ; Traslado de los restos de Mella ; Tributo / A. Malag&#xF3;n ; Programa ; Apoteosis de Mella ; Ram&#xF3;n Mella / Fed. Henr&#xED;quez y Carvajal ; Oraci&#xF3;n / Monse&#xF1;or A.A. Nouel ; Ram&#xF3;n Mella / Rafael Abreu Licairac ; Ram&#xF3;n Mella / Andr&#xE9;s J. Montol&#xED;o ; Mella en Santiago / Fed. Garc&#xED;a Godoy ; Mella, Duarte y S&#xE1;nchez / Joaqu&#xED;n U. Alfau ; Ram&#xF3;n Mella / Gustavo A. D&#xED;az ; El general Mella / Leonidas Garc&#xED;a ; Mat&#xED;as Ram&#xF3;n Mella / Rufino Mart&#xED;nez ; &#xA1;Siempre Mella! / M. de J. Troncoso de la Concha ; Mat&#xED;as Ram&#xF3;n Mella / Luis Emilio Perell&#xF3; ; Ram&#xF3;n Mella y Castillo / Rafael Herrera Cabral ; El heroico trabucazo de Mella / Vetilio Alfau Dur&#xE1;n ; Mella en Puerto Plata / A. Villanueva Astol ; Noticia biogr&#xE1;fica de Mella ; En el d&#xED;a de Mella / E. Rodr&#xED;guez Demorizi ; Los Mella en la separaci&#xF3;n y la restauraci&#xF3;n ; Ildefonso Mella en el destierro ; Centenario de Mella / Max Henr&#xED;quez Ure&#xF1;a --
Documentos de Mella. Nacimiento de Mella / Alcides Garc&#xED;a Ll. ; Partida de matrimonio ; Testamento ; Defensa de Santiago / T.S. Heneken ; La misi&#xF3;n de Mella en Espa&#xF1;a / A. Angulo Guridi ; La misi&#xF3;n de Mella en Espa&#xF1;a ; En la revoluci&#xF3;n de 1857 ; Mella y la guerra de guerrillas / A. Garc&#xED;a Ll. ; Mella y la guerra de guerrillas ; Vicepresidente de la rep&#xFA;blica ; Mella, la familia procera / C. Larraz&#xE1;bal Blanco --
Mella en al poes&#xED;a. El disparo de Mella / Federico Henr&#xED;quez y Carvajal ; Ram&#xF3;n Mella / R. Emilio Jim&#xE9;nez ; Ram&#xF3;n Mella / V&#xED;ctor Garrido ; Dos sonetos / A. Garc&#xED;a Lluberes ; Ram&#xF3;n Mella / Julio A. Pi&#xF1;eyro ; Mat&#xED;as Ram&#xF3;n Mella / Juan B. Lamarche ; Grito de redenci&#xF3;n / Rafael Emilio Sanabia ; Disparo hist&#xF3;rico / Clodomiro Romano ; Mat&#xED;as Ram&#xF3;n Mella / F. Benjam&#xED;n Guzm&#xE1;n ; Mella / Alvarez Alm&#xE1;nzar.</subfield>
  </datafield>
  <datafield tag="600" ind1="1" ind2="4">
    <subfield code="a">MELLA, MAT&#xCD;AS RAM&#xD3;N,</subfield>
    <subfield code="d">1816-1864</subfield>
  </datafield>
  <datafield tag="651" ind1=" " ind2="4">
    <subfield code="a">REP&#xDA;BLICA DOMINICANA</subfield>
    <subfield code="v">BIOGRAF&#xCD;AS</subfield>
  </datafield>
  <datafield tag="710" ind1="2" ind2=" ">
    <subfield code="a">Academia Dominicana de la Historia</subfield>
  </datafield>
  <datafield tag="830" ind1=" " ind2="0">
    <subfield code="a">Academia Dominicana de la Historia</subfield>
    <subfield code="n">18</subfield>
  </datafield>
  <datafield tag="910" ind1=" " ind2=" ">
    <subfield code="a">Validado. Control de calidad MFF</subfield>
  </datafield>
  <datafield tag="942" ind1=" " ind2=" ">
    <subfield code="2">ddc</subfield>
    <subfield code="c">BK</subfield>
  </datafield>
  <datafield tag="945" ind1=" " ind2=" ">
    <subfield code="a">Inventariado, 2017/MFF</subfield>
  </datafield>
  <datafield tag="952" ind1=" " ind2=" ">
    <subfield code="0">0</subfield>
    <subfield code="1">0</subfield>
    <subfield code="2">ddc</subfield>
    <subfield code="4">0</subfield>
    <subfield code="7">0</subfield>
    <subfield code="8">CD</subfield>
    <subfield code="a">BPMET</subfield>
    <subfield code="b">BPMET</subfield>
    <subfield code="d">2015-02-05</subfield>
    <subfield code="l">0</subfield>
    <subfield code="o">923.27293      M524h</subfield>
    <subfield code="p">BPMSU15041144</subfield>
    <subfield code="r">2015-02-05</subfield>
    <subfield code="t"> </subfield>
    <subfield code="w">2015-02-05</subfield>
    <subfield code="y">BK</subfield>
  </datafield>
  <datafield tag="952" ind1=" " ind2=" ">
    <subfield code="0">0</subfield>
    <subfield code="1">0</subfield>
    <subfield code="2">ddc</subfield>
    <subfield code="4">0</subfield>
    <subfield code="7">0</subfield>
    <subfield code="8">CD</subfield>
    <subfield code="a">BPMET</subfield>
    <subfield code="b">BPMET</subfield>
    <subfield code="d">2015-02-05</subfield>
    <subfield code="l">0</subfield>
    <subfield code="o">923.27293 M524h</subfield>
    <subfield code="p">BPMSU15041145</subfield>
    <subfield code="r">2015-02-05</subfield>
    <subfield code="t">ej. 2</subfield>
    <subfield code="w">2015-02-05</subfield>
    <subfield code="y">BK</subfield>
  </datafield>
  <datafield tag="952" ind1=" " ind2=" ">
    <subfield code="0">0</subfield>
    <subfield code="1">0</subfield>
    <subfield code="2">ddc</subfield>
    <subfield code="4">0</subfield>
    <subfield code="7">0</subfield>
    <subfield code="8">CD</subfield>
    <subfield code="a">BPMET</subfield>
    <subfield code="b">BPMET</subfield>
    <subfield code="d">2015-02-05</subfield>
    <subfield code="l">0</subfield>
    <subfield code="o">923.27293 M524h</subfield>
    <subfield code="p">BPMSU15041146</subfield>
    <subfield code="r">2015-02-05</subfield>
    <subfield code="t">e. 3</subfield>
    <subfield code="w">2015-02-05</subfield>
    <subfield code="y">BK</subfield>
  </datafield>
  <datafield tag="952" ind1=" " ind2=" ">
    <subfield code="0">0</subfield>
    <subfield code="1">0</subfield>
    <subfield code="2">ddc</subfield>
    <subfield code="4">0</subfield>
    <subfield code="7">0</subfield>
    <subfield code="8">CD</subfield>
    <subfield code="a">BPMET</subfield>
    <subfield code="b">BPMET</subfield>
    <subfield code="d">2015-02-05</subfield>
    <subfield code="l">0</subfield>
    <subfield code="o">923.27293 M524h</subfield>
    <subfield code="p">BPMSU15041147</subfield>
    <subfield code="r">2015-02-05</subfield>
    <subfield code="t">e. 4</subfield>
    <subfield code="w">2015-02-05</subfield>
    <subfield code="y">BK</subfield>
  </datafield>
  <datafield tag="956" ind1=" " ind2=" ">
    <subfield code="a">VMATEO</subfield>
    <subfield code="b">10</subfield>
    <subfield code="c">20150527</subfield>
    <subfield code="l">BPMSU</subfield>
    <subfield code="h">0069</subfield>
  </datafield>
  <datafield tag="999" ind1=" " ind2=" ">
    <subfield code="c">7365</subfield>
    <subfield code="d">7365</subfield>
  </datafield>
</record>
